000 01081cam a2200229 4500
001 ABS65615
008 020701n2002 000 0 eng u
035 _a(Sirsi) u118600
100 _aGardner, B.
245 _aAsbestos Surveys
260 _c2002
490 _aPremises and Facilities Management
_v40(1)
520 _aDiscusses the Control of Asbestos at Work Regulations which have been held by consultations and lobbying over details such as who is responsible for the task of ensuring the survey is undertaken. Stresses the important points such as the quality of this survey and gives three criteria anyone undertaking this should fulfil. These include appropriate training and experience for surveyors and an adequate QA system in place for the surveying organisation.
590 _aABS
650 _aMANAGEMENT-HEALTH AND SAFETY-HAZARDOUS SUBSTANCES-ASBESTOS
650 _aASBESTOS REGULATIONS
650 _aHEALTH AND SAFETY REGULATIONS
650 _aHEALTH AND SAFETY EXECUTIVE
650 _aBUILDING SURVEYORS
690 _aHEALTH & SAFETY
942 _n0
999 _c70621
_d70621